|
|
|
แสดงรายละเอียดบรรณานุกรม |
|
|
Brief Record
: Get Marc (ISO 2709)
: E-mail record
: |
|
|
| LEADER 00000nam 2200000uu 4500 | |||
| 001 54092 | |||
| 003 ULIBM | |||
| 008 230523s||||||||th 000 0 tha d | |||
| 020 ^a9786163810748 | |||
| 082 0 ^a428.076^bก - พ | |||
| 100 0 ^aกฤษฏา สมุทรสาคร | |||
| 245 00 ^aพิชิตข้อสอบ 9 วิชาสามัญ ภาษาอังกฤษ/กฤษฏา สมุทรสาคร | |||
| 250 ^aกฤษฏา สมุทรสาคร | |||
| 260 ^aกรุงเทพฯ:^bอินส์พัล,^c/2560 | |||
| 300 ^a304 หน้า 199 บาท | |||
| 541 ^a199 บาท | |||
| 650 0 ^aภาษาอังกฤษ^xข้อสอบและเฉลย | |||
| 650 0 ^aภาษาอังกฤษ^xแบบฝึกหัด | |||
| 999 ^ananthaya | |||
| คุณยังไม่ได้ล็อกอิน คุณสามารถมีกิจกรรมร่วมกับเว็บไซต์ได้ แต่ต้องล็อกอินก่อน :: |
|
| สถานะ | |||||||||
| 1. | หนังสือ | 428.076 ก - พ Barcode: 065298 | ►หนังสือทั่วไป | ถูกยืม กำหนดส่งวันที่ จอง | |||||
| [แสดง 1/1 รายการ] | |||||||||

| รายการใกล้เคียง หัวเรื่อง [ภาษาอังกฤษ ข้อสอบและเฉลย]
|
BibComment |
| คอมเมนท์ทรัพยากรรายการนี้ |
|
|
ห้องสมุดโรงเรียนสามัคคีวิทยาคม
159 ถ.บรรพปราการ ต.เวียง อ.เมือง จ.เชียงราย 57000
โทร. 053-711018 โทรสาร 053-713003